[Event "Dhaka Sheikh Russel op"]
[Site "Dhaka"]
[Date "2021.10.23"]
[Round "5"]
[White "Hamid, Rani"]
[Black "Mohammed, Asaduzzaman"]
[Result "1-0"]
[WhiteElo "1886"]
[BlackElo "1746"]
[PlyCount "113"]
[EventDate "2021.10.19"]
[EventType "swiss"]
[EventRounds "9"]
[EventCountry "BAN"]
[SourceTitle "CBM 204 Extra"]
[Source "ChessBase"]
[SourceDate "2021.11.30"]
[SourceVersion "1"]
[SourceVersionDate "2021.11.30"]
[SourceQuality "1"]

1. e4 e5 2. Nf3 Nf6 3. Nxe5 d6 4. Nf3 Nxe4 5. Nc3 Nf6 6. d4 d5 7. Bd3 Be7 8. 0-0 0-0 9. Bf4 c6 10. Ne5 Bd6 11. Bg3 Qc7 12. Re1 Nbd7 13. a3 g6 14. b4 Nh5 15. Ng4 Nxg3 16. hxg3 f5 17. Nh2 Nf6 18. Nf3 Ne4 19. Ne2 Be6 20. Qc1 Kg7 21. Nf4 Bg8 22. c4 dxc4 23. Bxe4 Bxf4 24. gxf4 fxe4 25. Rxe4 Bd5 26. Ng5 Rae8 27. Re5 h6 28. Nh3 Qf7 29. Qe3 Be6 30. Re1 Bd7 31. f5 Rxe5 32. Qxe5+ Qf6 33. Qc5 Bxf5 34. Nf4 Rf7 35. g3 Kh7 36. Qxc4 g5 37. Ng2 Bh3 38. Qc2+ Kg7 39. Qd2 Bxg2 40. Kxg2 Qf3+ 41. Kg1 Qxa3 42. d5 cxd5 43. Qd4+ Kh7 44. Qxd5 Kg7 45. Qd4+ Kh7 46. Ra1 Qf3 47. Rxa7 Qf5 48. Ra8 Rg7 49. Rd8 Qf7 50. Rd6 Qf5 51. Rf6 Qc2 52. Qd6 Rg6 53. Rf7+ Rg7 54. Rxg7+ Kxg7 55. Qe7+ Kg6 56. Qxb7 h5 57. b5 1-0

[Event "Asia zt 3.2"]
[Site "Dhaka"]
[Date "2019.03.22"]
[Round "8"]
[White "Mortuza Muhtadi, Islam"]
[Black "Mohammed, Asaduzzaman"]
[Result "1/2-1/2"]
[WhiteElo "1285"]
[BlackElo "1813"]
[PlyCount "147"]
[EventDate "2019.03.15"]
[EventType "swiss"]
[EventRounds "9"]
[EventCountry "BAN"]
[SourceTitle "CBM 189 Extra"]
[Source "ChessBase"]
[SourceDate "2019.06.03"]
[SourceVersion "1"]
[SourceVersionDate "2019.06.03"]
[SourceQuality "1"]

1. e4 d6 2. d4 Nd7 3. Nf3 g6 4. c3 Bg7 5. Bc4 e6 6. 0-0 Nb6 7. Bb3 Ne7 8. Re1 0-0 9. Nbd2 d5 10. e5 Nd7 11. Nf1 b6 12. Bf4 Bb7 13. Ng3 c5 14. Rc1 Nc6 15. Qd2 Re8 16. h4 Na5 17. h5 Nxb3 18. axb3 cxd4 19. cxd4 Bf8 20. hxg6 hxg6 21. Bh6 Be7 22. Ng5 Rc8 23. Qf4 Rf8 24. Nxe6 fxe6 25. Bxf8 Nxf8 26. Rxc8 Bxc8 27. Rc1 Bd7 28. Qg4 Kf7 29. Rc3 Bg5 30. Rf3+ Kg7 31. Rc3 Be7 32. Nh5+ Kg8 33. Rf3 Be8 34. Nf4 Bf7 35. Nh5 Bg5 36. Nf6+ Bxf6 37. exf6 Nh7 38. Qh4 g5 39. Qh6 Qf8 40. Qxf8+ Kxf8 41. b4 Be8 42. f7 Bxf7 43. Ra3 Bg6 44. Rxa7 Bd3 45. f3 Nf6 46. Kf2 Bb5 47. Kg3 Bd7 48. Ra6 b5 49. f4 Nh5+ 50. Kg4 Nxf4 51. Kxg5 Ne2 52. Kf6 Nxd4 53. Ra8+ Be8 54. g4 Nc6 55. g5 Ne7 56. Kxe6 d4 57. Kf6 Nd5+ 58. Ke5 d3 59. Kxd5 d2 60. Ra1 Bh5 61. Kc5 Be2 62. Rg1 Kg8 63. Kb6 Kf7 64. g6+ Kg7 65. Kc5 d1Q 66. Rxd1 Bxd1 67. Kxb5 Kxg6 68. Kc5 Kf6 69. Kb6 Ke5 70. b5 Kd4 71. b4 Kc4 72. Ka5 Bf3 73. b6 Bb7 74. b5 1/2-1/2

[Event "Asia zt 3.2"]
[Site "Dhaka"]
[Date "2019.03.17"]
[Round "3"]
[White "Mohammed, Asaduzzaman"]
[Black "Jabed, Al Azad"]
[Result "0-1"]
[WhiteElo "1813"]
[BlackElo "2017"]
[PlyCount "69"]
[EventDate "2019.03.15"]
[EventType "swiss"]
[EventRounds "9"]
[EventCountry "BAN"]
[SourceTitle "CBM 189 Extra"]
[Source "ChessBase"]
[SourceDate "2019.06.03"]
[SourceVersion "1"]
[SourceVersionDate "2019.06.03"]
[SourceQuality "1"]

1. d4 d5 2. Nc3 Nf6 3. Bf4 a6 4. f3 e6 5. a3 c5 6. e3 Nc6 7. Nge2 b5 8. Qd2 cxd4 9. Nxd4 Nxd4 10. exd4 Bd6 11. Bxd6 Qxd6 12. Bd3 Bd7 13. 0-0 0-0 14. f4 Qb6 15. Kh1 g6 16. Ne2 Ne4 17. Qe1 Nd6 18. Qg3 Rac8 19. c3 Nc4 20. f5 exf5 21. Bxf5 Rce8 22. Nf4 Ne3 23. Bd3 Nxf1 24. Rxf1 Re7 25. h4 Rfe8 26. h5 Re3 27. Qf2 Qf6 28. hxg6 hxg6 29. g3 g5 30. Bh7+ Kxh7 31. Qg2 gxf4 32. Rxf4 Re1+ 33. Kh2 Qh6+ 34. Rh4 Qxh4+ 35. gxh4 0-1